[Event "I Miedzynarodowy Memorial Ireny Warakomskiej - Open B"]
[Site "Suwalki"]
[Date "2017-08-16"]
[Round "7.36"]
[White "Tomicki, Marek "]
[Black "Norek, Bartosz "]
[Result "0-1"]
[WhiteTitle ""]
[BlackTitle ""]
[WhiteElo "1649"]
[BlackElo "1799"]

1. e4 c5 2. Nf3 d6 3. d4 cxd4 4. Nxd4 Nf6 5. Nc3 a6 6. Bg5 e6 7. Be2 Nbd7 8. Qd2
Qc7 9. f4 b5 10. a3 Bb7 11. Bf3 Be7 12. O-O-O O-O 13. g4 Nb6 14. Bxf6 Bxf6 15.
g5 Be7 16. h4 Nc4 17. Qd3 Rac8 18. Nce2 Rfe8 19. h5 e5 20. Nf5 exf4 21. g6 Bf6
22. c3 Be5 23. gxh7+ Kh8 24. Rh4 a5 25. Nxf4 b4 26. axb4 axb4 27. Nd5 Bxd5 28.
Qxd5 Nxb2 29. h6 Qxc3+ 0-1

[Event "I Miedzynarodowy Memorial Ireny Warakomskiej - Open B"]
[Site "Suwalki"]
[Date "2017-08-16"]
[Round "7.37"]
[White "Tylenda, Krzysztof "]
[Black "Matuszczyk, Mateusz"]
[Result "0-1"]
[WhiteTitle ""]
[BlackTitle ""]
[WhiteElo "1750"]
[BlackElo "1666"]

1. e4 Nc6 2. d4 d5 3. exd5 Qxd5 4. Be3 e5 5. Nc3 Bb4 6. a3 Bxc3+ 7. bxc3 Bf5 8.
Qd2 Nf6 9. f3 Na5 10. Rb1 c6 11. c4 Nxc4 12. Bxc4 Qxc4 13. dxe5 Nd5 14. Rxb7 Bxc2
15. Bxa7 O-O 16. Qd4 Qa6 17. Rb2 Bd3 18. Bc5 Rfe8 19. Kf2 Rad8 20. Nh3 Nc7 21.
Qh4 Rd5 22. Bd6 Qa7+ 23. Kg3 Nb5 24. Rd1 Nd4 25. Qg5 Nf5+ 26. Kg4 Ne3+ 27. Kg3
Nxd1 28. Rd2 Ne3 29. Nf4 Nf1+ 30. Kh4 h6 31. Qg4 Nxd2 32. Nh5 Bg6 0-1

[Event "I Miedzynarodowy Memorial Ireny Warakomskiej - Open B"]
[Site "Suwalki"]
[Date "2017-08-16"]
[Round "7.38"]
[White "Hagner, Pawel"]
[Black "Choinska, Debora "]
[Result "0-1"]
[WhiteTitle ""]
[BlackTitle ""]
[WhiteElo "1709"]
[BlackElo "1600"]

1. d4 d5 2. Nf3 Nf6 3. Bg5 e6 4. e3 Be7 5. Nbd2 h6 6. Bh4 O-O 7. c3 Nbd7 8. Bd3
c5 9. Ne5 Nxe5 10. dxe5 Nd7 11. Bg3 f6 12. Nf3 fxe5 13. Bxe5 Bf6 14. Bg3 Qe7 15.
Bc2 c4 16. O-O b5 17. e4 Qf7 18. exd5 exd5 19. Re1 Nb6 20. Nd4 Bxd4 21. Qxd4 Bf5
22. Bxf5 Qxf5 23. Re7 Rf7 24. Rae1 Rxe7 0-1

[Event "I Miedzynarodowy Memorial Ireny Warakomskiej - Open B"]
[Site "Suwalki"]
[Date "2017-08-16"]
[Round "7.39"]
[White "Chin, Shun Yi"]
[Black "Kupsik, Joanna "]
[Result "0-1"]
[WhiteTitle ""]
[BlackTitle ""]
[WhiteElo "1521"]
[BlackElo "1703"]

1. e4 c5 2. Nc3 Nc6 3. g3 g6 4. Bg2 Bg7 5. d3 d6 6. Nge2 e6 7. Be3 Nd4 8. Rb1 Ne7
9. Qd2 O-O 10. O-O Rb8 11. f4 b5 12. g4 b4 13. Nd1 f5 14. gxf5 exf5 15. Ng3 Bd7
16. c3 bxc3 17. Nxc3 Kh8 18. Nce2 Nxe2+ 19. Nxe2 Bb5 20. Nc3 Nc6 21. Nxb5 Rxb5
22. exf5 Nd4 23. fxg6 Nf5 24. Bf2 Qf6 25. b3 Qxg6 26. Kh1 Rb4 27. Rg1 Qh6 28.
Be4 Qh3 29. Rbe1 Bh6 30. Bg2 Qh5 31. Re4 Nd4 32. Bg3 Rg8 33. Bf2 Nf3 34. Qc3+
Bg7 35. Bxf3 Qxf3+ 36. Rg2 Bxc3 37. Bg3 Rxe4 0-1

[Event "I Miedzynarodowy Memorial Ireny Warakomskiej - Open B"]
[Site "Suwalki"]
[Date "2017-08-16"]
[Round "7.40"]
[White "Kalejta, Arkadiusz "]
[Black "Huchwajda, Grzegorz"]
[Result "1/2-1/2"]
[WhiteTitle ""]
[BlackTitle ""]
[WhiteElo "1677"]
[BlackElo "1566"]

1. e4 c5 2. Nf3 e6 3. d4 cxd4 4. Nxd4 Nf6 5. Nc3 Nc6 6. Ndb5 Bb4 7. Nd6+ Ke7 8.
Nxc8+ Rxc8 9. Bd3 d5 10. exd5 Qxd5 11. O-O Bxc3 12. bxc3 Rhd8 13. Rb1 Qd7 14.
Ba3+ Ke8 15. f4 g6 16. Qe1 Ng8 17. f5 gxf5 18. Rxf5 Nge7 19. Rh5 Qc7 20. Rxh7
Qa5 21. Rxb7 Rc7 22. Rxc7 Qxc7 23. Kh1 Qa5 24. Rh8+ Kd7 25. Rxd8+ Kxd8 26. Bb4
Qxa2 27. Bxe7+ Kxe7 28. h4 Qa5 29. Be4 Qe5 30. Qe3 a5 31. Qf3 Nd8 32. c4 a4 33.
Qa3+ Qd6 34. Qxa4 Qd1+ 35. Kh2 Qd6+ 36. Kh3 f5 37. Bf3 Nf7 38. Qa7+ Kf6 39. Qe3
f4 40. Qc3+ e5 41. c5 Qd7+ 42. Kh2 Qd8 43. c6 Qh8 44. g3 fxg3+ 45. Kxg3 Qg8+ 46.
Kh3 Qc8+ 47. Bg4 Qc7 48. Qf3+ Ke7 49. Qa3+ Kf6 50. Bd7 Qb6 51. Qf3+ Ke7 52. Kg2
Qc5 53. Qb3 Qd6 54. Qd3 Qc5 55. Qe4 Qd6 56. Qd3 Qc5 57. c4 Qb6 58. Qa3+ Kf6 59.
c5 Qb8 60. Qf3+ Ke7 61. Bf5 Qd8 62. Bg6 Nh8 63. h5 Qd2+ 64. Kh1 Qc1+ 65. Kg2 Qxc5
66. Be4 Qc1 67. Kh3 Nf7 68. Qg2 Ng5+ 69. Kh2 Qf4+ 70. Kg1 Qe3+ 71. Kh2 Qf4+ 72.
Kg1 Qe3+ 1/2-1/2